Normal view MARC view
  • Mahrukh, Shehzadi

Entry Personal Name

Number of records used in: 1

001 - CONTROL NUMBER

  • control field: 19109

003 - CONTROL NUMBER IDENTIFIER

  • control field: NUST

005 - DATE AND TIME OF LATEST TRANSACTION

  • control field: 20190806055144.0

008 - FIXED-LENGTH DATA ELEMENTS

  • fixed length control field: 190806|| aca||aabn | a|a d

040 ## - CATALOGING SOURCE

  • Original cataloging agency: NUST
  • Transcribing agency: NUST

100 ## - HEADING--PERSONAL NAME

  • Personal name: Mahrukh, Shehzadi

670 ## - SOURCE DATA FOUND

  • Source citation: Work cat.: (NUST): Mahrukh, Shehzadi, P & G Pakistan 3D Animation Marketing Strategies with Special Focus on Commander Safeguard /, 2012.
© 2023 Central Library, National University of Sciences and Technology. All Rights Reserved.